=LDR 00000nam 2200000 4500 =001 INLIS000000000051293 =005 20240216022325 =035 ##$$a 0010-0917000097 =007 ta =008 240216###########################0###### =020 ##$$a 978-602-1186-32-9 =082 ##$$a 372.1 =084 ##$$a 372.1 TRI d =100 #$$a Trianto Ibnu Al-Tabany =245 1#$$a Desain Pengembangan Pembelajaran Tematik Bagi Aanak Usia Dini TK/RA dan Anak Usia Kelas Awal SD/MI : $b Implementasi Kurikulum 2013 /$c Trianto Ibnu Badar Al-Tabany =250 ##$$a cet.3 =260 ##$$a Yogyakarta :$b Prenada Media,$c 2015 =300 ##$$a xii, 378 hlm : $b ilus. ; $c 23 cm =650 #4$$a KURIKULUM PNDIDIKAN DASAR =700 #$$a Jauharoh Alfin =504 ##$$a Bibliografi :Hlm.367-347 Biografi : Hlm. 375-378 =990 ##$$a 21702565 =990 ##$$a 21702564 =990 ##$$a 21702563 =990 ##$$a 21702562 =990 ##$$a 21702561